000 00276nam a2200109 a 4500
005 20140414093830.0
008 030527s19uu xx 00 eng d
050 _aVHS 900
_bR 38
245 _aLupang hinirang (June 14, 2002 Version 5 cuts).
942 _cAVM
999 _c108643
_d108643